000 00247nam a2200121 i 4500
001 bg
245 0 _aPrace fizyczne.
260 _aKatowice,
_c1979.
040 _cBPK
041 _apol
942 _cKS
008 s pl f |000 0 pol
999 _c18486
_d18486
856 _uhttp://koha.tu.koszalin.pl/cgi-bin/koha/opac-detail.pl?biblionumber=18486
_yKatalog online BPK